00509nam a2200169Ia 450000500170000000800410001708200130005824500460007126000590011730000120017665000080018865000110019670000140020794200060022195200970022799900150032420240604011353.0240331s9999 xx 000 0 und d bCIVa340 0aCivil Society in Sri Lanka :bA symposium aColombobInternational Centre for Ethnic Studiesc1997 a38 p ., aLaw aSocial aICESeedt cL 001040708LaWERCLbWERCLcSSCd2024-03-31l0o 340.3 CIVp2337r2024-03-31w2024-03-31yL c2784d2784